00957cam a2200277 i 45000010005000000030006000050050017000110080041000280100017000690200017000860200018001030400018001210500015001390820012001541000017001662450044001832500035002272600034002623000025002965200090003216500053004119060045004649420015005099990015005249520140005394290FISKH20240712143128.0760106s1975 nyu j 000 1 eng  a 74022850  a0878880798 : a9781447281047 aDLCcDLCdDLC aPZ7.B6265  a813.54 1 aBlume, Judy.10aForever... :ba novel /cby Judy Blume. aThis edition published in 2015 aLondon : bMacmillan, c1975  a202 pages : c20 cm  aTwo high school seniors believe their love to be so strong that it will last forever. aComing of Age vRelationships xFirst Love ySex a7bcbccorignewd2eocipf19gy-gencatlg 2ddccBKn0 c4290d4290 00102ddc40708FICa001b001cATKSFd2024-07-12l1oBLU 813.54 PZ7.B6265 p2024-0939r2025-12-18 14:29:26s2025-12-16w2024-07-12yBK